000 00672nam a2200193Ia 4500
003 GCL
008 140319s9999 xx 000 0 ara d
040 _aGCL /
_cGCL
082 0 4 _a371.102
_bهـ ا
100 1 _aهيز، دينيس
245 1 0 _aاسس التدريس فى المرحلة الابتدائية /
_cهيز، دينيس
260 _aالقاهرة :
_bدار الفاروق للنشر والتوزيع ،
_c2004
300 _a360 ص ؛
_c24 سم
650 0 4 _aطرق التدريس
650 0 4 _aالتعليم - مناهج
650 0 4 _aالتعليم الابتدائى
650 0 4 _aالتعليم - البحوث التربوية
942 _2ddc
_cBK
999 _c7256
_d7256